| 000 | 004510000a22001210004500 | ||
|---|---|---|---|
| 100 | 1 | _aGómez, Lula | |
| 245 | 1 | 0 | _aTodos mentimos alguna vez |
| 300 | _aVol.0, núm.9 (Junio, 2006), Página 30 | ||
| 500 | _aPeriodista y colaboradora del diario El País de España. | ||
| 520 | _aLula Gómez se pregunta si es justa la expulsión de Holanda de la cineasta y diputada Ayan Hirsi Ali. | ||
| 773 | 0 | _tArcadia / Andrés Felipe Solano, Editor | |
| 942 | _cANA | ||
| 999 |
_c61790 _d61790 |
||